Khả năng hồi phục kinh tế của liên minh Châu Âu /

Wedi'i Gadw mewn:
Manylion Llyfryddiaeth
Prif Awdur: Nguyễn An Hà, TS.
Fformat: Erthygl
Iaith:Vietnamese
Pynciau:
Tagiau: Ychwanegu Tag
Dim Tagiau, Byddwch y cyntaf i dagio'r cofnod hwn!
Thư viện lưu trữ: Thư viện Trường Đại học Đà Lạt
LEADER 00753nam a2200265 4500
001 DLU110126802
005 ##20111017
040 # # |a DLU  |b vie 
041 # # |a vie 
044 # # |a vn 
100 # # |a Nguyễn An Hà,   |c TS. 
245 # # |a Khả năng hồi phục kinh tế của liên minh Châu Âu /  |c Nguyễn An Hà. 
653 # # |a Liên minh Châu Âu. 
653 # # |a Tín dụng 
653 # # |a Tiền tệ 
773 # # |t Nghiên cứu Châu Âu  |g Số 10, 2009, tr. 3-7 
920 # # |a Phòng Tạp chí -- Trung tâm Thông tin - Thư viện Trường Đại học Đà Lạt 
994 # # |a DLU 
900 # # |a True 
911 # # |a Nguyễn Thị Linh Chi 
925 # # |a G 
926 # # |a A 
927 # # |a BB 
980 # # |a Thư viện Trường Đại học Đà Lạt